Estadísticas para Adivina el club deportivo

Haz click aquí para intentar la prueba.

Estadísticas generales

  • Esta prueba ha sido intentada 33 veces
  • La puntuación promedio es 10 de 16

Estadísticas de respuestas

Respuesta% Correcto
Bayern Munich
100%
Real Madrid
100%
Liverpool
97%
Los Angeles Lakers
97%
Chicago Bulls
93%
AC Milan
86%
FC Barcelona
83%
Boston Celtics
79%
Golden State Warriors
76%
New England Patriots
48%
Dallas Cowboys
41%
Los Angeles Dodgers
24%
New York Yankees
24%
Pittsburgh Steelers
21%
Saint Louis Cardinals
7%
Philadelphia Phillies
0%

Distribución de puntuación

Porcentaje por número respondido

Porcentaje de gente con cada puntuación

Historial de tus puntuaciones

No has intentado esta prueba.